<?xml version="1.0" encoding="UTF-8"?>
<record
    xmlns:xsi="http://www.w3.org/2001/XMLSchema-instance"
    xsi:schemaLocation="http://www.loc.gov/MARC21/slim http://www.loc.gov/standards/marcxml/schema/MARC21slim.xsd"
    xmlns="http://www.loc.gov/MARC21/slim">

  <leader>02340nam a2200385 i 4500</leader>
  <controlfield tag="003">DO-SdBNP</controlfield>
  <controlfield tag="005">20260305073952.0</controlfield>
  <controlfield tag="007">ta</controlfield>
  <controlfield tag="008">110413s2022    dr bo         000 0 spa d</controlfield>
  <datafield tag="020" ind1=" " ind2=" ">
    <subfield code="a">9789945931617</subfield>
  </datafield>
  <datafield tag="040" ind1=" " ind2=" ">
    <subfield code="a">DO-SdBNP</subfield>
    <subfield code="b">spa</subfield>
    <subfield code="c">BNPHU</subfield>
    <subfield code="e">rda</subfield>
  </datafield>
  <datafield tag="041" ind1=" " ind2=" ">
    <subfield code="h">eng. fra.</subfield>
  </datafield>
  <datafield tag="082" ind1=" " ind2=" ">
    <subfield code="b">M375r</subfield>
    <subfield code="2">22</subfield>
  </datafield>
  <datafield tag="100" ind1="1" ind2=" ">
    <subfield code="a">Marte, Domingo,</subfield>
    <subfield code="d">1939-</subfield>
    <subfield code="9">10487</subfield>
  </datafield>
  <datafield tag="245" ind1="1" ind2="0">
    <subfield code="a">R&#xED;os dominicanos : </subfield>
    <subfield code="b">redes de vida /</subfield>
    <subfield code="c">Domingo Marte ; presentaci&#xF3;n Chistopher Paniagua ; pr&#xF3;logo Frank Moya Pons ; traducci&#xF3;n al ingles Amanda Livoti ; traducci&#xF3;n del franc&#xE9;s Mayra C. Pichardo ; mapas V&#xED;ctor M. Medina  </subfield>
  </datafield>
  <datafield tag="246" ind1=" " ind2="5">
    <subfield code="a">Rivers dominican /</subfield>
    <subfield code="b">networks of life /</subfield>
  </datafield>
  <datafield tag="246" ind1=" " ind2="5">
    <subfield code="a">Rivi&#xE9;res dominicaines :</subfield>
    <subfield code="b">r&#xE9;seaux de vie /</subfield>
  </datafield>
  <datafield tag="264" ind1=" " ind2="1">
    <subfield code="a">Santo Domingo :</subfield>
    <subfield code="b">Banco Popular,</subfield>
    <subfield code="c">2022.</subfield>
  </datafield>
  <datafield tag="300" ind1=" " ind2=" ">
    <subfield code="a">301 p&#xE1;ginas </subfield>
    <subfield code="c">32 cm.</subfield>
    <subfield code="b">mapas, fotograf&#xED;as</subfield>
  </datafield>
  <datafield tag="336" ind1=" " ind2=" ">
    <subfield code="2">rdacontent</subfield>
    <subfield code="a">texto</subfield>
    <subfield code="b">txt</subfield>
  </datafield>
  <datafield tag="337" ind1=" " ind2=" ">
    <subfield code="2">rdamedia</subfield>
    <subfield code="a">sin mediaci&#xF3;n </subfield>
    <subfield code="b">n</subfield>
  </datafield>
  <datafield tag="338" ind1=" " ind2=" ">
    <subfield code="2">rdacarrier</subfield>
    <subfield code="a">volumen</subfield>
    <subfield code="b">nc</subfield>
  </datafield>
  <datafield tag="500" ind1=" " ind2=" ">
    <subfield code="a">Libro de pasta dura. </subfield>
  </datafield>
  <datafield tag="500" ind1=" " ind2=" ">
    <subfield code="a">Incluye datos biogr&#xE1;ficos del autor en las p&#xE1;ginas 241, 270 y 301.</subfield>
  </datafield>
  <datafield tag="504" ind1=" " ind2=" ">
    <subfield code="a">Bibliograf&#xED;as incluidas</subfield>
  </datafield>
  <datafield tag="505" ind1="0" ind2=" ">
    <subfield code="t">R&#xED;o Pedernales, p&#xE1;g.. 17 --</subfield>
    <subfield code="t">R&#xED;o Artibonito, p&#xE1;g.. 23 --</subfield>
    <subfield code="t">R&#xED;o Masacre, p&#xE1;g. 31 --</subfield>
    <subfield code="t">R&#xED;o Niza&#xED;to, p&#xE1;g. 37 --</subfield>
    <subfield code="t">R&#xED;o Bahoruco, p&#xE1;g. 41 --</subfield>
    <subfield code="t">R&#xED;o Yaque del Sur, p&#xE1;g. 45 --</subfield>
    <subfield code="t">R&#xED;o T&#xE1;bara, p&#xE1;g. 65 --</subfield>
    <subfield code="t">R&#xED;o Yaque del Norte, p&#xE1;g. 71 --</subfield>
    <subfield code="t">R&#xED;o Bajabonico, p&#xE1;g. 89 --</subfield>
    <subfield code="t">R&#xED;o Ban&#xED;, p&#xE1;g. 95 --</subfield>
    <subfield code="t">R&#xED;o Nizao, p&#xE1;g. 103 --</subfield>
    <subfield code="t">R&#xED;o Haina, p&#xE1;g. 115 --</subfield>
    <subfield code="t">R&#xED;o Yuna, p&#xE1;g. 123 --</subfield>
    <subfield code="t">R&#xED;o Nigua, p&#xE1;g. 141 --</subfield>
    <subfield code="t">R&#xED;o Y&#xE1;sica, p&#xE1;g. 147 --</subfield>
    <subfield code="t">R&#xED;o Boba, p&#xE1;g. 157 --</subfield>
    <subfield code="t">R&#xED;o Ozama, p&#xE1;g. 169 --</subfield>
    <subfield code="t">R&#xED;o Lim&#xF3;n, p&#xE1;g. 193 --</subfield>
    <subfield code="t">R&#xED;o Higuamo, p&#xE1;g. 201 --</subfield>
    <subfield code="t">R&#xED;o Soco, p&#xE1;g. 205 --</subfield>
    <subfield code="t">R&#xED;o Cumayasa, p&#xE1;g. 211 --</subfield>
    <subfield code="t">R&#xED;o Dulce, p&#xE1;g. 214 --</subfield>
    <subfield code="t">R&#xED;o Chav&#xF3;n, p&#xE1;g. 217 --</subfield>
    <subfield code="t">R&#xED;o Yab&#xF3;n, p&#xE1;g. 223 --</subfield>
    <subfield code="t">R&#xED;o Maim&#xF3;n, p&#xE1;g. 229 --</subfield>
    <subfield code="t">R&#xED;o Anamuya, p&#xE1;g. 233 --</subfield>
    <subfield code="t">R&#xED;o Duey-Yuma, p&#xE1;g. 237 --</subfield>
    <subfield code="t">English version, p&#xE1;g.. 245 --</subfield>
    <subfield code="t">Version francaise, p&#xE1;g.. 275 /</subfield>
  </datafield>
  <datafield tag="590" ind1=" " ind2=" ">
    <subfield code="a">Inventariado, 2023/ YL</subfield>
  </datafield>
  <datafield tag="700" ind1="1" ind2=" ">
    <subfield code="a">Sili&#xE9;, Rub&#xE9;n,</subfield>
    <subfield code="d">1946-</subfield>
    <subfield code="e">presentaci&#xF3;n </subfield>
    <subfield code="9">1421</subfield>
  </datafield>
  <datafield tag="700" ind1="1" ind2=" ">
    <subfield code="a">Moya Pons, Frank,</subfield>
    <subfield code="d">1944-</subfield>
    <subfield code="e">pr&#xF3;logo</subfield>
    <subfield code="9">2095</subfield>
  </datafield>
  <datafield tag="700" ind1=" " ind2=" ">
    <subfield code="a">Livoti, Amanda</subfield>
    <subfield code="e">traducci&#xF3;n al ingles</subfield>
    <subfield code="9">82909</subfield>
  </datafield>
  <datafield tag="700" ind1=" " ind2=" ">
    <subfield code="a">Pichardo, Mayira C.</subfield>
    <subfield code="e">traducci&#xF3;n al frances</subfield>
    <subfield code="9">84330</subfield>
  </datafield>
  <datafield tag="700" ind1=" " ind2=" ">
    <subfield code="a">Medina, V&#xED;ctor M. </subfield>
    <subfield code="e">elaboraci&#xF3;n de mapas </subfield>
    <subfield code="9">84331</subfield>
  </datafield>
  <datafield tag="910" ind1=" " ind2=" ">
    <subfield code="a">YLockward</subfield>
  </datafield>
  <datafield tag="942" ind1=" " ind2=" ">
    <subfield code="2">ddc</subfield>
    <subfield code="c">LBS1</subfield>
  </datafield>
  <datafield tag="952" ind1=" " ind2=" ">
    <subfield code="0">0</subfield>
    <subfield code="1">0</subfield>
    <subfield code="2">ddc</subfield>
    <subfield code="5">1</subfield>
    <subfield code="7">0</subfield>
    <subfield code="8">PD</subfield>
    <subfield code="a">BNPHU</subfield>
    <subfield code="b">BNPHU</subfield>
    <subfield code="c">CT</subfield>
    <subfield code="d">2023-01-27</subfield>
    <subfield code="e">Banco Popular</subfield>
    <subfield code="l">0</subfield>
    <subfield code="o">BNPHU R-PD M375r</subfield>
    <subfield code="p">2023-6595</subfield>
    <subfield code="r">2023-10-02</subfield>
    <subfield code="w">2023-10-02</subfield>
    <subfield code="y">LBS1</subfield>
  </datafield>
  <datafield tag="952" ind1=" " ind2=" ">
    <subfield code="0">0</subfield>
    <subfield code="1">0</subfield>
    <subfield code="2">ddc</subfield>
    <subfield code="5">1</subfield>
    <subfield code="7">0</subfield>
    <subfield code="8">PD</subfield>
    <subfield code="a">BNPHU</subfield>
    <subfield code="b">BNPHU</subfield>
    <subfield code="c">CT</subfield>
    <subfield code="d">2023-01-27</subfield>
    <subfield code="e">Banco Popular</subfield>
    <subfield code="l">0</subfield>
    <subfield code="o">BNPHU R-PD M375r</subfield>
    <subfield code="p">2023-6596</subfield>
    <subfield code="r">2023-10-02</subfield>
    <subfield code="t">e. 2</subfield>
    <subfield code="w">2023-10-02</subfield>
    <subfield code="y">LBS1</subfield>
  </datafield>
  <datafield tag="952" ind1=" " ind2=" ">
    <subfield code="0">0</subfield>
    <subfield code="1">0</subfield>
    <subfield code="2">ddc</subfield>
    <subfield code="5">6</subfield>
    <subfield code="7">0</subfield>
    <subfield code="8">DS</subfield>
    <subfield code="a">BNPHU</subfield>
    <subfield code="b">BNPHU</subfield>
    <subfield code="c">CT</subfield>
    <subfield code="d">2023-01-27</subfield>
    <subfield code="e">Banco Popular</subfield>
    <subfield code="l">0</subfield>
    <subfield code="o">BNPHU R-DS M375r</subfield>
    <subfield code="p">2023-6597</subfield>
    <subfield code="r">2023-10-02</subfield>
    <subfield code="t">e. 3</subfield>
    <subfield code="w">2023-10-02</subfield>
    <subfield code="y">LBS1</subfield>
  </datafield>
  <datafield tag="952" ind1=" " ind2=" ">
    <subfield code="0">0</subfield>
    <subfield code="1">0</subfield>
    <subfield code="2">ddc</subfield>
    <subfield code="5">6</subfield>
    <subfield code="7">0</subfield>
    <subfield code="8">DS</subfield>
    <subfield code="a">BNPHU</subfield>
    <subfield code="b">BNPHU</subfield>
    <subfield code="c">CT</subfield>
    <subfield code="d">2023-01-27</subfield>
    <subfield code="e">Despacho BNPHU</subfield>
    <subfield code="l">0</subfield>
    <subfield code="o">BNPHU R-DS M375r</subfield>
    <subfield code="p">2023-7688</subfield>
    <subfield code="r">2023-11-09</subfield>
    <subfield code="t">e. 4</subfield>
    <subfield code="w">2023-10-02</subfield>
    <subfield code="y">LBS1</subfield>
  </datafield>
  <datafield tag="999" ind1=" " ind2=" ">
    <subfield code="c">55039</subfield>
    <subfield code="d">55039</subfield>
  </datafield>
</record>
